Introducción a la historia del libro y de las bibliotecas.

保存先:
書誌詳細
第一著者: Millares Carlo, Agustín (autor)
フォーマット: 図書
言語:英語
出版事項: México D.F., México: Fondo de Cultura Económica, 1971.
版:Primera edición.
シリーズ:Lengua y estudios literarios.
主題:
タグ: タグ追加
タグなし, このレコードへの初めてのタグを付けませんか!

MARC

LEADER 00000nam a22000007a 4500
003 CL-VaPUC
005 20220822114452.0
008 220603b1971 ||||| |||| 00| 0 eng d
999 |c 435776  |d 435774 
020 |a 968-16-2209-X 
040 |c Pontificia Universidad Católica de Valparaíso 
082 7 |a 002 MIL 1971  |2 22 
100 |a Millares Carlo, Agustín  |9 576788  |e autor 
245 |a Introducción a la historia del libro y de las bibliotecas.  
250 |a Primera edición. 
260 |a México D.F., México:  |b Fondo de Cultura Económica,   |c 1971. 
300 |a 399 páginas. 
490 |a Lengua y estudios literarios.  
500 |a c.1 Donación Familia Prof. Alejandro Guzmán Brito. 
583 |c 20220603  |k Cristina María Rojas Aguilar 
650 |a Libros   |x Historia   |9 267474 
650 |a Bibliotecas   |x Historia   |9 870152 
942 |2 ddc  |c BK  |n 0 
952 |0 0  |1 0  |2 ddc  |4 0  |6 002_000000000000000_MIL_1971  |7 0  |8 C_AGB  |9 583380  |a BIBDER  |b BIBDER  |d 2022-06-03  |e Donación   |i 5651503  |l 1  |o 002 MIL 1971  |p 5651503  |r 2024-07-17  |s 2024-07-09  |t 1  |w 2022-06-03  |y BK_US  |k AGB